[Event "17th Belgrade Trophy"]
[Site "Obrenovac SCG"]
[Date "2004.11.25"]
[Round "4"]
[White "Dimitrijevic,A"]
[Black "Todorovic,J"]
[Result "1/2-1/2"]
[WhiteElo "2289"]
[BlackElo "2408"]

1.Nf3 d5 2.g3 c6 3.Bg2 Bg4 4.O-O Nd7 5.b3 e5 6.Bb2 Bd6 7.d3 Ngf6 8.Nbd2 O-O
9.h3 Bh5 10.Re1 Qe7  1/2-1/2

[Event "XLIII WJun"]
[Site "Kochin IND"]
[Date "2004.11.26"]
[Round "10"]
[White "Tiwari,Ar"]
[Black "Phanikanth,J"]
[Result "1-0"]
[WhiteElo "2319"]
[BlackElo "1985"]

1.Nf3 d5 2.g3 Nf6 3.Bg2 Bf5 4.O-O e6 5.d3 h6 6.Nbd2 Be7 7.Re1 O-O 8.e4 Bh7
9.Qe2 Re8 10.e5 Nfd7 11.Nf1 c5 12.h4 Nc6 13.N1h2 Rc8 14.c3 b5 15.Ng4 b4 16.Bf4 Nb6
17.h5 c4 18.d4 Rb8 19.Qe3 Na4 20.Re2 bxc3 21.bxc3 Bd3 22.Bxh6 Bxe2 23.Bxg7 Bg5
24.Nxg5 Bxg4 25.Bf6 Ne7 26.Nxe6 Bxe6 27.Qh6  1-0

[Event "17th Belgrade Trophy"]
[Site "Obrenovac SCG"]
[Date "2004.11.26"]
[Round "5"]
[White "Mihic,B"]
[Black "Nikolic,Br"]
[Result "1-0"]
[WhiteElo "2349"]
[BlackElo "2165"]

1.Nf3 d5 2.g3 Nf6 3.Bg2 c6 4.O-O Bf5 5.d3 h6 6.Nbd2 Nbd7 7.Qe1 e6 8.b3 Bb4
9.Bb2 O-O 10.a3 Ba5 11.b4 Bc7 12.c4 Bh7 13.e4 Qb8 14.Qe2 e5 15.Nh4 Re8 16.a4 a5
17.b5 Bd6 18.cxd5 cxd5 19.exd5 Nb6 20.Nc4 Nbxd5 21.Qf3 e4 22.dxe4 Bxe4 23.Qb3 Bc5
24.Rac1 b6 25.Bxe4 Rxe4 26.Qf3 Qe8 27.Nf5 Qe6 28.Bxf6 Nxf6 29.Nd2 Re8 30.Nxe4 Nxe4
31.Rcd1 Qa2 32.Qg4 Bxf2+ 33.Kh1 Ng5 34.h4 Re4 35.Ne7+ Rxe7 36.hxg5 Be3 37.g6 fxg6
38.Qxg6  1-0

[Event "17th Belgrade Trophy"]
[Site "Obrenovac SCG"]
[Date "2004.11.26"]
[Round "5"]
[White "Vojinovic,G"]
[Black "Stojanovic,Mih"]
[Result "0-1"]
[WhiteElo "2447"]
[BlackElo "2504"]

1.Nf3 d5 2.g3 Bg4 3.Bg2 Nd7 4.c4 dxc4 5.Na3 Ngf6 6.Nxc4 c6 7.O-O g6 8.Qb3 Be6
9.Ng5 Bd5 10.e4 Bxc4 11.Qxc4 e6 12.d4 Bg7 13.e5 Nd5 14.Ne4 O-O 15.h4 Ne7
16.Qb4 Nf5 17.Qxb7 Nxd4 18.Be3 Nxe5 19.Rfd1 Ng4 20.Qa6 f5 21.Ng5 Qd6 22.Qc4 Rad8
23.Bf4 Be5 24.Nxe6 Qxe6 25.Rxd4 Qxc4 26.Rxc4 Bxb2 27.Rf1 Ne5 28.Rc2 Bd4 29.Re2 Nd3
30.Bg5 Bf6 31.Bh6 Bg7 32.Bxg7 Kxg7 33.Bxc6 Nb4 34.Ba4 Rf7 35.Rfe1 Na6 36.Re5 Rb7
37.Ra5 Nb8 38.Bb3 Rc7 39.Re6 Rb7 40.Kg2 Kf8 41.Rae5 Rbd7 42.h5 Kg7 43.hxg6 hxg6
44.g4 Rf8 45.g5 Rfd8 46.Re7+ Kf8 47.R7e6 Rd6 48.Re7 R6d7 49.R7e6 Rd6 50.Rf6+ Rxf6
51.gxf6 Nc6 52.Re1  0-1

[Event "17th Belgrade Trophy"]
[Site "Obrenovac SCG"]
[Date "2004.11.26"]
[Round "5"]
[White "Stanojevic,B"]
[Black "Toth,Al"]
[Result "0-1"]
[WhiteElo "2332"]
[BlackElo "2199"]

1.Nf3 d5 2.g3 Nf6 3.Bg2 c6 4.b3 Bf5 5.Bb2 Nbd7 6.d3 h6 7.Nbd2 e6 8.O-O Be7
9.c4 O-O 10.Qc2 Bh7 11.a3 a5 12.Bc3 Bd6 13.Qb2 Qe7 14.d4 Ne4 15.Nxe4 Bxe4
16.Bh3 b5 17.c5 Bc7 18.Rfe1 Bf5 19.Bg2 a4 20.b4 Be4 21.Rad1 f5 22.Nh4 f4
23.Bxe4 dxe4 24.Ng6 Qg5 25.Nxf8 fxg3 26.Nxe6 gxf2+ 27.Kh1 Qh4 28.Nxc7 Nf6
29.Qd2 Ng4 30.Qf4 Rf8 31.Qg3 fxe1=Q+ 32.Rxe1 Qh5 33.h3  0-1

[Event "XXI WJun Women"]
[Site "Kochin IND"]
[Date "2004.11.27"]
[Round "11"]
[White "Karavade,E"]
[Black "Ushenina,A"]
[Result "1-0"]
[WhiteElo "2307"]
[BlackElo "2370"]

1.Nf3 d5 2.g3 Nc6 3.d4 Bf5 4.Bg2 Nb4 5.Na3 e6 6.O-O Nf6 7.c3 Na6 8.c4 c6
9.b3 Bd6 10.Nc2 Be4 11.Bb2 O-O 12.Ne3 Nd7 13.Bh3 Nc7 14.a3 Qe8 15.Nd2 Bg6
16.Nc2 Bxc2 17.Qxc2 f5 18.e3 g5 19.Rae1 Qh5 20.Bg2 Rf6 21.b4 a6 22.c5 Be7
23.f3 g4 24.Nb3 Rh6 25.Bh1 gxf3 26.Bxf3 Qg6 27.Na5 Rb8 28.Bc1 Bg5 29.Qg2 Qg7
30.Re2 Nf6 31.Bb2 Rg6 32.Kh1 h5 33.Qf2 Bh6 34.a4 Ng4 35.Qe1 Kh7 36.Bc1 Qd7
37.Rg2 Ne8 38.Qe2 Qc7 39.Rfg1 Ng7 40.Bd2 Re8 41.b5 axb5 42.axb5 e5 43.b6 Qd7
44.Bxg4 Rxg4 45.dxe5 Rxe5 46.Qd3 Rge4 47.Re2 d4 48.Rge1 Qd5 49.Kg1 dxe3 50.Qxd5 exd2
51.Qxe5 dxe1=Q+ 52.Rxe1 Rxe5 53.Rxe5 Kg6 54.Nxb7  1-0

[Event "Lushki B"]
[Site "Serpukhov RUS"]
[Date "2004.11.27"]
[Round "12"]
[White "Tkachenko,Evgeny"]
[Black "Rodchenkov,S"]
[Result "0-1"]
[WhiteElo "2107"]
[BlackElo "2382"]

1.Nf3 d5 2.g3 Nf6 3.Bg2 c6 4.O-O Bg4 5.d3 Nbd7 6.c4 e6 7.Nc3 Be7 8.cxd5 exd5
9.e4 O-O 10.exd5 Nxd5 11.Nxd5 cxd5 12.Qb3 Nc5 13.Qb4 Bc8 14.Be3 Ne6 15.Qc3 Bf6
16.d4 Qb6 17.Rfd1 Rd8 18.Rac1 Bd7 19.Ne5 Ba4 20.b3 Be8 21.h4 Bxe5 22.Bxd5 Bf6
23.Bxe6 Qxe6 24.Qb4 Bc6  0-1

[Event "Bundesliga 2004-5"]
[Site "Stuttgart GER"]
[Date "2004.11.27"]
[Round "3"]
[White "Miroshnichenko,E"]
[Black "Khenkin,I"]
[Result "1/2-1/2"]
[WhiteElo "2617"]
[BlackElo "2587"]

1.Nf3 d5 2.g3 c6 3.Bg2 Bg4 4.c4 e6 5.O-O Nd7 6.cxd5 exd5 7.d3 Bc5 8.Qc2 Ngf6
9.Nc3 O-O 10.e4 dxe4 11.dxe4 Re8 12.Bf4 Bxf3 13.Bxf3 Qe7 14.Bg2 Ne5 15.Rad1 Rad8
16.h3 Ng6 17.Rxd8 Rxd8 18.Bc1 Ne5 19.Kh1 Nd3 20.f4 Nxc1 21.Qxc1 Bb4 22.e5 Bxc3
23.Qxc3 Nd5 24.Qb3 h5 25.Rd1  1/2-1/2

[Event "XLIII WJun"]
[Site "Kochin IND"]
[Date "2004.11.30"]
[Round "13"]
[White "Petrosian,TL"]
[Black "Moradiabadi,E"]
[Result "1/2-1/2"]
[WhiteElo "2539"]
[BlackElo "2445"]

1.Nf3 d5 2.g3 g6 3.Bg2 Bg7 4.d4 Nf6 5.c4 c6 6.cxd5 cxd5 7.Ne5 O-O 8.Nc3 e6
9.O-O Nfd7 10.f4 Nc6 11.Be3 Ndxe5 12.dxe5 d4 13.Bxc6 dxe3 14.Bg2 Qb6 15.Na4 Qa5
16.Rc1 Rd8 17.b4 Rxd1 18.bxa5 Rd4 19.Nc5 Bf8 20.a6 Bxc5 21.Rxc5 b6 22.Rc7 Rb8
23.Bb7 Bd7 24.Rb1 b5 25.Bf3 Rb6 26.Rxa7 Bc6 27.Bxc6 Rxc6 28.Kg2 Rd2 29.Kf3 Rxa2
30.Rxb5 Rcxa6 31.Rc7 Ra8 32.Rbb7 Rf8 33.g4 Ra5 34.Ke4 Ra4+ 35.Kf3 Ra5 36.h4 Ra1
37.Ke4  1/2-1/2

[Event "TCh-SLO"]
[Site "Celje SLO"]
[Date "2004.12.02"]
[Round "5"]
[White "Gostisa,L"]
[Black "Pavasovic,D"]
[Result "0-1"]
[WhiteElo "2422"]
[BlackElo "2581"]

1.Nf3 d5 2.g3 Bg4 3.Bg2 Nd7 4.d4 Ngf6 5.O-O e6 6.c4 c6 7.Nbd2 Bd6 8.b3 O-O
9.Bb2 Qb8 10.Qc1 Re8 11.Re1 h6 12.e4 dxe4 13.Nxe4 Nxe4 14.Rxe4 Bf5 15.Re2 a5
16.a3 Be7 17.d5 cxd5 18.cxd5 exd5 19.Nd4 Be4 20.Bxe4 dxe4 21.Rxe4 Bf6 22.Rxe8+ Qxe8
23.Qe3 Qxe3 24.fxe3 Re8 25.Re1 Nc5 26.Ba1 Bxd4 27.Bxd4 Nxb3 28.Rf1 b5 29.Rb1 a4
30.Kf2 Rc8 31.Rb2 Rc4 32.Kf3 Nxd4+ 33.exd4 Rxd4  0-1

[Event "Region Champ"]
[Site "Voronezh RUS"]
[Date "2004.12.03"]
[Round "1"]
[White "Chuprikov,D"]
[Black "Raetsky,A"]
[Result "1-0"]
[WhiteElo "2396"]
[BlackElo "2430"]

1.g3 d5 2.Nf3 Nc6 3.d4 Bg4 4.Bg2 Qd7 5.h3 Bh5 6.b3 O-O-O 7.Bb2 f6 8.O-O g5
9.Nbd2 g4 10.hxg4 Bxg4 11.c4 e6 12.a3 Nge7 13.b4 dxc4 14.Nxc4 h5 15.b5 Nb8
16.Qb3 Bh6 17.a4 h4 18.Nfe5 fxe5 19.Nxe5 Qe8 20.Nxg4 Nf5 21.Qf3 c6 22.bxc6 Nxc6
23.d5 Rxd5 24.Rad1 Rxd1 25.Rxd1 hxg3 26.Bxh8 gxf2+ 27.Qxf2 Qxh8 28.Bxc6 Qg7
29.Qg2 Ne3 30.Nxe3 Bxe3+ 31.Kf1  1-0

[Event "TCh-SWE Elitserien 2004-5"]
[Site "Stockholm/Eksjo SWE"]
[Date "2004.12.04"]
[Round "4"]
[White "Sandstrom,L"]
[Black "Hjelm,N"]
[Result "1/2-1/2"]
[WhiteElo "2357"]
[BlackElo "2333"]

1.Nf3 d5 2.g3 Nf6 3.Bg2 g6 4.O-O Bg7 5.d3 O-O 6.Nbd2 Nc6 7.e4 e5 8.c3 a5
9.a4 h6 10.Re1 Re8 11.Qb3 Be6 12.Qc2 Qd7 13.exd5 Nxd5 14.Nc4  1/2-1/2

[Event "Asian Women"]
[Site "Beirut LIB"]
[Date "2004.12.05"]
[Round "2"]
[White "Karavade,E"]
[Black "Shen Yang"]
[Result "0-1"]
[WhiteElo "2307"]
[BlackElo "2260"]

1.Nf3 d5 2.g3 Nf6 3.Bg2 Bf5 4.O-O e6 5.c4 c6 6.cxd5 cxd5 7.d3 h6 8.Qb3 b6
9.Nc3 Bh7 10.Rd1 Nc6 11.e4 d4 12.e5 dxc3 13.exf6 Rc8 14.bxc3 gxf6 15.Bb2 Bg7
16.Ba3 Na5 17.Qa4+ Qd7 18.Qg4 Bg6 19.Rac1 a6 20.c4 Qa4 21.Bd6 h5 22.Qd4 Nb7
23.Qxb6 Nxd6 24.Qxd6 Rd8 25.Qc5 Bf8 26.Qa7 Bh6 27.Ra1 O-O 28.Ne1 Rb8 29.Rab1 Rxb1
30.Rxb1 Qxa2 31.Qb6 Bd2 32.c5 Ba5 33.Qb7 Bxe1 34.Rxe1 Qa5 35.Rc1 Qa3 36.Qb1 Bxd3
37.Qa1 Qxa1 38.Rxa1 Rc8 39.Rc1 Rc7 40.Bf3 h4 41.gxh4 Kg7 42.Kg2 f5 43.Kg3 a5
44.Rc3 Bb5 45.c6 a4 46.Kf4 Kf6 47.Ke3 Bxc6 48.Bxc6 a3 49.Rxa3 Rxc6 50.Kf3 Kg6
51.Kg3 Rc2 52.Rb3 e5 53.Rb8 Rc3+ 54.Kg2 e4 55.Rg8+ Kh6 56.Rf8 Kg7 57.Re8 Rf3
58.h3 Rc3 59.Re7 Kf6 60.Re8 Rc4 61.Kg3 Rc3+ 62.Kg2 Rc6 63.Kg3 Rc3+ 64.Kg2 Rc2
65.h5 Kg5 66.Re7 f6 67.Re6 Rb2 68.Kg1 Rb7 69.h4+ Kxh4 70.Rxf6 Kg5 71.Rg6+ Kxh5
72.Rg8 Rb6 73.Kf1 Rb2 74.Ke1 f4 75.Kf1 Rb1+ 76.Ke2 Rb2+ 77.Kf1 Kh4 78.Rg7 Kh3
79.Rg8 f3 80.Ke1 Rb1+ 81.Kd2 Rf1 82.Ke3 Re1+ 83.Kf4 Re2 84.Rg7 Kh2 85.Rg8 Rxf2
86.Kxe4 Rg2 87.Rh8+ Kg3 88.Ke3 Re2+ 89.Kd3 Re7 90.Rg8+ Kf2 91.Ra8 Kg2 92.Rg8+ Kf1
93.Rg6 f2 94.Rg8 Ke1  0-1

[Event "TCh-BEL 2004-5"]
[Site "Belgium BEL"]
[Date "2004.12.05"]
[Round "5"]
[White "Van der Weide,K"]
[Black "Wiersma,E"]
[Result "1/2-1/2"]
[WhiteElo "2457"]
[BlackElo "2423"]

1.Nf3 d5 2.g3 c5 3.Bg2 Nc6 4.d4 e6 5.O-O Nf6 6.b3 Be7 7.Bb2 O-O 8.Nc3 b6
9.e3 Ba6 10.Re1 Rc8 11.dxc5 bxc5 12.e4 d4 13.Na4 e5 14.c4 Qc7 15.Ba3 Nd8
16.Re2 Bb7 17.Ne1 Ne6 18.Nd3 Rce8 19.Qd2 Nd7 20.f4 f6 21.Bh3 Bd6 22.Rf1  1/2-1/2

[Event "XII It"]
[Site "Solin-Split CRO"]
[Date "2004.12.05"]
[Round "3"]
[White "Dizdarevic,E"]
[Black "Godena,M"]
[Result "1-0"]
[WhiteElo "2538"]
[BlackElo "2550"]

1.Nf3 d5 2.g3 c6 3.Bg2 Bg4 4.d4 Nd7 5.Nbd2 Ngf6 6.O-O e6 7.Re1 Be7 8.e4 O-O
9.c3 Rc8 10.Qb3 Qc7 11.e5 Ne8 12.Nf1 Qb6 13.Bg5 Bxg5 14.Nxg5 h6 15.Ne3 Bh5
16.Nh3 Bg6 17.Nf4 Bh7 18.Qa3 Nc7 19.Rad1 c5 20.dxc5 Qxc5 21.Qxc5 Nxc5 22.c4 dxc4
23.Nxc4 Nb5 24.Na5 Na4 25.Nxb7 Nxb2 26.Rd7 Rc2 27.Bh3 Rb8 28.Nd8 Rc7 29.Rxc7 Nxc7
30.Nc6 Rb6 31.Rc1 g5 32.Nh5 Nd3 33.Ne7+ Kf8 34.Rxc7 Rb1+ 35.Bf1 Nxe5 36.f4 Nf3+
37.Kf2 Nxh2 38.Be2 Be4 39.Ke3 f5 40.Nf6 gxf4+ 41.Kxf4  1-0

[Event "Open"]
[Site "Banja Luka BIH"]
[Date "2004.12.06"]
[Round "3"]
[White "Vukic,M"]
[Black "Organdziev,O"]
[Result "1/2-1/2"]
[WhiteElo "2474"]
[BlackElo "2352"]

1.Nf3 d5 2.g3 c6 3.Bg2 Bg4 4.O-O Nd7 5.d4 Bxf3 6.exf3 e6 7.f4 g6 8.Nd2 Bg7
9.c3 Ngf6 10.Nf3 O-O 11.Ne5 Qc7 12.Be3 a5 13.a4 Ne8 14.Re1 Nd6 15.Qe2 Rfe8
16.h4 Nf5 17.Bd2 Nxe5 18.fxe5 c5 19.dxc5 Qxc5 20.Kh2 Rec8 21.Bf4 Rab8 22.Bh3 Ne7
23.Be3 Qc4 24.Bb6 Qa6 25.Qb5 Nc6 26.f4 Bf8 27.Rad1 Be7 28.Re2 Bd8 29.Bf2 Ne7
30.Ra1 Rc6 31.Rc2 Bb6 32.Be1 Qa7 33.Qd3 Rbc8 34.b3 h5 35.Rg2 Be3 36.Raa2 d4
37.c4 Qa6 38.Rge2 R6c7 39.Bg2 Nf5 40.Be4 Nh6 41.Kh3 Kg7 42.Ra1 Qb6 43.Rd1 Ra8
44.Qc2 Qc5 45.Rd3 Ra6 46.Qd1 Rb6 47.Kg2 Rc8 48.Ra2 Rc7 49.Qe2 Rc8 50.Qb2 Ng4
51.Qa3 Qxa3 52.Rxa3 Rxc4 53.Bxa5 Rc2+ 54.Kf1 Ra6 55.Bb4 Rb2 56.a5 Nf2 57.Rxe3 dxe3
58.Bc3 Rxb3 59.Rxb3 Nxe4 60.Be1 Nd2+ 61.Bxd2 exd2 62.Ke2 Rxa5 63.Kxd2 Rd5+
64.Ke3 b5 65.Ke4 Kf8 66.Ra3 Rc5 67.Kd4 Rd5+ 68.Kc3 Kg7 69.Kb4 g5 70.hxg5 Kg6
71.Rc3 h4 72.gxh4 Rd4+ 73.Kxb5 Rxf4 74.Rh3 Kh5 75.Kc5 Rxh4 76.Rf3 Kxg5 77.Rxf7 Rf4
78.Rh7 Kf5 79.Rh5+ Kg6 80.Rh1  1/2-1/2

[Event "ch-GRE"]
[Site "Athens GRE"]
[Date "2004.12.07"]
[Round "4"]
[White "Moutousis,K"]
[Black "Halkias,S"]
[Result "0-1"]
[WhiteElo "2422"]
[BlackElo "2526"]

1.Nf3 d5 2.g3 c5 3.Bg2 Nc6 4.O-O e6 5.d3 Bd6 6.e4 Nge7 7.Nc3 O-O 8.Ng5 h6
9.Nh3 dxe4 10.dxe4 Be5 11.Qh5 b6 12.Nd1 Ba6 13.Re1 Qe8 14.c3 Rd8 15.f4 Bc7
16.Ndf2 f6 17.Qxe8 Rfxe8 18.Be3 Na5 19.b3 Nb7 20.Bf1 Bxf1 21.Kxf1 Nd6 22.Red1 f5
23.e5 Nb5 24.c4 Nd4 25.Bxd4 cxd4 26.Ng1 Nc6 27.h4 g5 28.hxg5 hxg5 29.Nf3 g4
30.Nd2 d3 31.a3 Nd4 32.Rdc1 Ne2 33.Kg2 Nxc1 34.Rxc1 Rd7 35.b4 Red8 36.Rh1 Kg7
37.Nd1 a5 38.b5 Rc8 39.Nc3 Bd8 40.Na4 Rb7 41.Rc1 Be7 42.Rc3 Rd8 43.Rb3 Kf7
44.c5 bxc5 45.Nb2 a4 46.Nxa4 c4 47.Rb1 Ra7 48.Nc3 Rxa3 49.Rc1 Bb4  0-1

[Event "Bykova Mem"]
[Site "Vladimir RUS"]
[Date "2004.12.07"]
[Round "1"]
[White "Bashkite,V"]
[Black "Shadrina,T"]
[Result "0-1"]
[WhiteElo "2206"]
[BlackElo "2401"]

1.Nf3 d5 2.g3 Nf6 3.c4 d4 4.d3 c5 5.Bg2 g6 6.b4 cxb4 7.Qa4+ Bd7 8.Qxb4 Bc6
9.O-O Bg7 10.Bb2 Na6 11.Qa3 Nh5 12.Nbd2 O-O 13.Nb3 e5 14.Qa5 Nc7 15.Qd2 b6
16.e3 dxe3 17.fxe3 e4 18.Nfd4 Bb7 19.c5 Nf6 20.dxe4 Nxe4 21.Qc2 bxc5 22.Bxe4 Bxe4
23.Qxe4 cxd4 24.Bxd4 Re8 25.Qf3 Qd5 26.Qf4 Nb5 27.Bxg7 Kxg7 28.Rad1 Qe6 29.Nc5 Qxe3+
30.Qxe3 Rxe3 31.Rd7 Rf8 32.Rb7 Nd6 33.Rxa7 Rc8 34.Rd7 Nf5 35.Nb3 Rc2 36.Rd2 Rxd2
37.Nxd2 Ra3 38.Ra1 Ne3 39.Nb1 Rd3 40.a4 Rd1+ 41.Kf2 Nc4 42.a5 Nxa5 43.Rxa5 Rxb1
44.h4 Rb6 45.h5 Rf6+ 46.Ke3 Rf5 47.Rxf5 gxf5 48.Kf4 Kf6 49.h6 Kg6 50.Ke5 Kg5
51.Kd6 Kxh6 52.Ke7 Kg6  0-1

[Event "Bykova Mem"]
[Site "Vladimir RUS"]
[Date "2004.12.07"]
[Round "1"]
[White "Sharevich,A"]
[Black "Shaidullina,S"]
[Result "1/2-1/2"]
[WhiteElo "2266"]
[BlackElo "2308"]

1.Nf3 d5 2.g3 Nf6 3.Bg2 c6 4.c4 dxc4 5.a4 g6 6.O-O Bg7 7.Na3 Be6 8.Ng5 Bd5
9.e4 h6 10.exd5 hxg5 11.dxc6 Nxc6 12.Nxc4 O-O 13.d3 g4 14.a5 Rc8 15.a6 b5
16.Na3 Nd4 17.Be3 Nd5 18.Bxd4 Bxd4 19.Nxb5 Bxb2 20.Rb1 Nc3 21.Nxc3 Bxc3 22.Rb7 Qd6
23.Rxa7 Bd4 24.Rb7 Qxa6 25.Qxg4 Qf6 26.Rd7 Rfd8 27.Rxd8+ Rxd8 28.h4 e6 29.h5 Qf5
30.Qxf5 gxf5 31.Rc1 Rb8 32.Rc2 Rb1+ 33.Bf1 Kg7 34.Kg2 Rb2 35.Rxb2 Bxb2 36.Be2 Kh6
37.f4 Bd4 38.Bd1 Bc5 39.Kh3 Be3 40.Kg2 Bc5 41.Bf3 Bd4 42.Kf1 Bc5 43.Ke2 Bg1
44.Ke1 Be3 45.Kf1 Bd4  1/2-1/2

[Event "Open"]
[Site "Banja Luka BIH"]
[Date "2004.12.08"]
[Round "5"]
[White "Vukic,M"]
[Black "Kovacevic,A"]
[Result "1/2-1/2"]
[WhiteElo "2474"]
[BlackElo "2556"]

1.Nf3 d5 2.g3 c5 3.Bg2 Nc6 4.c4 d4 5.d3 e5 6.O-O f6 7.e3 Bg4 8.exd4 Nxd4
9.Be3 Qd7 10.Bxd4 cxd4 11.Nbd2 Nh6 12.h3 Be6 13.Kh2 Be7 14.a3 O-O 15.Qe2 a5
16.Ne1 Rab8 17.a4 Nf7 18.Nc2 Nd8 19.f4 exf4 20.Rxf4 Bd6 21.Rxd4 Qc7 22.Nf1 Be5
23.Re4 Bf5 24.d4 Bxe4 25.Qxe4 Bd6 26.c5 Be7 27.Nce3 Qd7 28.Qd5+ Qxd5 29.Bxd5+ Nf7
30.Nf5 Rfe8 31.N1e3 Kf8 32.Nc4 Bd8 33.Kg2 Re2+ 34.Kf1 Rc2 35.Nfe3 Rh2 36.Bg2 Bc7
37.Ng4 Rxg2 38.Kxg2 Rd8 39.Rd1 Ng5 40.d5 Re8 41.Nf2 Re2 42.Rd2 Re1 43.h4 Nf7
44.Nd3 Re4 45.b3 f5 46.Nf2 Re1 47.Nd1 Ke8 48.Nc3 Kd7 49.Nb5 Ne5 50.Nxe5+ Bxe5
51.Rc2 Bc7 52.c6+ bxc6 53.Nxc7 Kxc7 54.Rxc6+ Kd7 55.Ra6 Re3 56.Rxa5 Rxb3
57.Ra7+ Kd6 58.Rxg7 Ra3 59.Rf7 Ke5 60.d6 Rxa4 61.d7 Rd4 62.Rxh7 Kf6 63.h5 Rd3
64.Kf2 Rd2+ 65.Ke3 Rd1 66.g4 fxg4 67.Ke4 Rd2 68.h6 Kg6 69.Re7 Kxh6 70.Ke5 g3
71.Re6+ Kg7  1/2-1/2

[Event "Open"]
[Site "Banja Luka BIH"]
[Date "2004.12.10"]
[Round "7"]
[White "Vukic,M"]
[Black "Abramovic,B"]
[Result "1/2-1/2"]
[WhiteElo "2474"]
[BlackElo "2471"]

1.Nf3 d5 2.g3 c5 3.Bg2 Nc6 4.c4 d4 5.d3 e5 6.O-O f6 7.e3 Bg4 8.h3 Be6 9.exd4 cxd4
10.a3 a5 11.Re1 Qd7 12.Nh2 Nge7 13.Nd2 Nd8 14.Ne4 Nec6 15.f4 Be7 16.Bd2 O-O
17.Nf2 exf4 18.gxf4 Bf7 19.Qg4 f5 20.Qg3 a4 21.Nf3 Rb8 22.Ng5 Bxg5 23.fxg5 Ne6
24.Rac1 Rbe8 25.h4 Nc5 26.Bf4 Nb3 27.Rb1 Re6 28.Rxe6 Qxe6 29.Bf3 Re8 30.Kg2 Nc5
31.h5 g6 32.h6 Qd7 33.Bd6 Nb3 34.Rd1 Nd8 35.Nh3 b5 36.c5 Re3 37.Re1 Qe8 38.Rxe3 dxe3
39.Ng1 Nc6 40.Bxc6 Qxc6+ 41.Kf1 Qe8 42.Qf4 Bd5 43.Ke1 Bc6 44.Ne2 Kf7 45.Nc3 Qe6
46.Nd1 Qd5 47.Qxe3 Qh1+  1/2-1/2

[Event "Asian Women"]
[Site "Beirut LIB"]
[Date "2004.12.10"]
[Round "8"]
[White "Ju Wenjun"]
[Black "Meenakshi,S"]
[Result "1-0"]
[WhiteElo "2300"]
[BlackElo "2307"]

1.Nf3 d5 2.g3 Nf6 3.Bg2 c5 4.O-O Nc6 5.c4 e6 6.cxd5 Nxd5 7.Nc3 Be7 8.d4 Nxc3
9.bxc3 O-O 10.e4 Bf6 11.Be3 cxd4 12.cxd4 Na5 13.Qe2 Bd7 14.Rac1 a6 15.Rfd1 Bb5
16.Qe1 Nc4 17.d5 Nxe3 18.Qxe3 exd5 19.Rxd5 Qa5 20.e5 Rfe8 21.Qf4 Bd8 22.Nd4 h6
23.h4 Qa4 24.Be4 Bc4 25.Rd6 Bc7 26.Rxc4 Qxc4 27.Bd5 Qc3 28.Bxf7+ Kh8 29.Rxh6+  1-0

[Event "Bundesliga 2004-5"]
[Site "Porz GER"]
[Date "2004.12.11"]
[Round "5"]
[White "Nikolic,Pr"]
[Black "Sedlak,N"]
[Result "1/2-1/2"]
[WhiteElo "2676"]
[BlackElo "2521"]

1.Nf3 d5 2.g3 c6 3.Bg2 Bg4 4.O-O Nd7 5.d3 e6 6.c4 Bxf3 7.Bxf3 dxc4 8.dxc4 Ne5
9.Nd2 Nf6 10.Bg2 Bc5 11.Nb3 Qxd1 12.Rxd1 Bb6 13.Bf4 Ng6 14.Bd2 O-O-O 15.a4 Ng4
16.e3 Bc7 17.a5 a6 18.Bc3 N6e5 19.Bf1 Nf6 20.Be2 Ned7 21.f4 e5 22.Bf3 h6
23.Nd2 Rhe8 24.b4 exf4 25.exf4 g5 26.fxg5 hxg5 27.Nf1 Be5  1/2-1/2

[Event "Bundesliga 2004-5"]
[Site "Porz GER"]
[Date "2004.12.11"]
[Round "5"]
[White "Schwarz,Mic"]
[Black "Buhmann,R"]
[Result "1/2-1/2"]
[WhiteElo "2408"]
[BlackElo "2521"]

1.Nf3 d5 2.g3 Nf6 3.Bg2 c6 4.b3 Nbd7 5.Bb2 e6 6.O-O Bd6 7.c4 O-O 8.d4 Re8
9.Nbd2 e5 10.dxe5 Nxe5 11.cxd5 cxd5 12.Nxe5 Bxe5 13.Bxe5 Rxe5 14.Nf3 Re8
15.e3 Bf5 16.Qd2 Rc8 17.Rac1 Qe7 18.Rxc8 Rxc8 19.Rc1 Rxc1+ 20.Qxc1 h6 21.Nd4  1/2-1/2

[Event "Bundesliga 2004-5"]
[Site "Porz GER"]
[Date "2004.12.12"]
[Round "6"]
[White "Hickl,J"]
[Black "Fridman,D2"]
[Result "1/2-1/2"]
[WhiteElo "2530"]
[BlackElo "2578"]

1.Nf3 d5 2.g3 g6 3.c4 c6 4.Qa4 Nd7 5.cxd5 cxd5 6.Nc3 Nf6 7.Bg2 Bg7 8.O-O O-O
9.d3 h6 10.Be3 a6 11.Qb3 e6 12.Rac1 Re8 13.Rc2 Ng4 14.Bd2 Nge5 15.Nxe5 Nxe5
16.Na4 Rb8 17.Nb6 Bd7 18.Nxd7  1/2-1/2

[Event "III Pereyra Mem"]
[Site "Mendoza ARG"]
[Date "2004.12.13"]
[Round "5"]
[White "Soppe,G"]
[Black "Aguilar,A"]
[Result "1-0"]
[WhiteElo "2433"]
[BlackElo "2256"]

1.Nf3 d5 2.g3 c6 3.Bg2 Bg4 4.d3 Nd7 5.Nbd2 e6 6.h3 Bh5 7.O-O Bd6 8.Qe1 Ne7
9.e4 c5 10.b3 O-O 11.Bb2 Nc6 12.a3 Qc7 13.Nh4 Nd4 14.g4 Bg6 15.Qd1 Nf6 16.c3 Nc6
17.Qe2 Rad8 18.Nxg6 hxg6 19.b4 b6 20.Rad1 a5 21.b5 Ne7 22.Nf3 e5 23.Bc1 Rfe8
24.Ng5 Qd7 25.a4 Bc7 26.Qa2 Nh7 27.exd5 Nxd5 28.Qc4 Nf8 29.Rfe1 f6 30.d4 fxg5
31.dxe5 Kh8 32.Rxd5 Qe7 33.Rxd8 Rxd8 34.f4 gxf4 35.Bxf4 Qh4 36.Rf1 g5 37.Bh2 Ng6
38.Qf7 Bxe5 39.Qxg6  1-0

[Event "zt 3.1"]
[Site "Beirut LIB"]
[Date "2004.12.14"]
[Round "1"]
[White "Jasim,A"]
[Black "Al Sayed,Mohamad"]
[Result "0-1"]
[WhiteElo "2312"]
[BlackElo "2454"]

1.Nf3 d5 2.g3 c6 3.Bg2 Nf6 4.O-O Bg4 5.c4 e6 6.cxd5 Bxf3 7.Bxf3 cxd5 8.d4 Nc6
9.Nc3 Be7 10.Bg5 Qb6 11.e3 Qxb2 12.Qd3 Qb6 13.Rab1 Qc7 14.Qb5 Rb8 15.Bf4 Bd6
16.Qc5 Bxf4 17.Nb5 Qe7 18.gxf4 Nd7 19.Nd6+ Kf8 20.Qa3 Nb6 21.Rb3 Nc8 22.Nb5 a6
23.Nc3 Qxa3 24.Rxa3 Nb6 25.Be2 Ke7 26.Rb1 Nd7 27.Na4 b5 28.Nb2 a5 29.Rc3 Rhc8
30.Rbc1 Kd6 31.Nd3 b4 32.R3c2 Na7 33.Ne5 f6 34.Nxd7 Kxd7 35.Ba6 Rxc2 36.Rxc2 a4
37.Rc5 b3 38.axb3 axb3 39.Rc1 Nb5 40.Bxb5+ Rxb5 41.Kf1 Ke7 42.Ke2 Kf7 43.Kd2 b2
44.Rb1 Kg6 45.Kc2 Kh5 46.f3 Kh4 47.e4 f5  0-1

[Event "Master Open"]
[Site "Singapore SIN"]
[Date "2004.12.14"]
[Round "6"]
[White "Wang Rui"]
[Black "Tirto"]
[Result "1/2-1/2"]
[WhiteElo "2484"]
[BlackElo "2388"]

1.Nf3 d5 2.g3 c6 3.Bg2 Bg4 4.O-O Nd7 5.d3 e6 6.c4 Bd6 7.Be3 Ne7 8.Qb3 Qb8
9.cxd5 exd5 10.Qa4 Bh5 11.Nc3 O-O 12.Bg5 Re8 13.e4 Nc5 14.Qc2 dxe4 15.dxe4 Ne6
16.Be3 Bc5 17.Bxc5 Nxc5 18.Nd4 Qe5 19.Nce2 Bxe2 20.Nxe2 Ne6 21.Rad1 Rad8
22.b4 Rxd1 23.Rxd1 Rd8 24.Rxd8+ Nxd8 25.Qd2 Qc7 26.Nf4 Ng6 27.Nxg6 hxg6 28.h4 Ne6
29.Qe3 a5 30.a3 axb4 31.axb4 Qd7 32.Qb6 Qc7 33.Qa7 Qe7 34.Qb6 Qc7 35.Qa7 Qe7
36.Qb6 Qc7 37.Qa7  1/2-1/2

[Event "UTD GM"]
[Site "Dallas USA"]
[Date "2004.12.15"]
[Round "9"]
[White "Ramirez,Al"]
[Black "Schneider,Dm"]
[Result "1/2-1/2"]
[WhiteElo "2519"]
[BlackElo "2453"]

1.Nf3 d5 2.g3 c6 3.Bg2 Nf6 4.O-O Bf5 5.d3 e6 6.Nbd2 h6 7.b3 Bc5 8.Bb2 O-O
9.c4 Nbd7 10.Qe1 Bh7 11.e4 a5 12.a3 Qb8 13.Qe2 dxe4 14.dxe4 e5 15.Bc3 Qd6
16.Bb2 Rfe8 17.h3 Qc7 18.Nh4 Rad8 19.Rfe1 Nf8 20.Nf5 Qd7 21.Nf3 Nxe4 22.Qxe4 Bxf5
23.Nxe5 Bxe4 24.Nxd7 Rxd7 25.Rxe4 Rxe4 26.Bxe4 Rd2 27.Bc3 Rxf2 28.Kh1 Re2
29.Re1 Ra2 30.a4 Bb4 31.Bxb4 axb4 32.Bf5 Rb2 33.Re7 Rxb3 34.Rxb7 c5 35.Kg2 Ra3
36.Rb5 Rxa4 37.Rxc5 b3 38.Rb5 Rxc4 39.Rxb3 g6 40.Bg4 h5 41.Bf3 Rc2+ 42.Kf1 Nd7
43.Be4 Rd2 44.Rd3 Rxd3 45.Bxd3 g5 46.Be2 Nf6 47.Kf2 Kg7 48.Ke3 Kh6 49.Bc4 Kg7
50.Be2 Nd5+ 51.Kd4  1/2-1/2

[Event "zt 3.1"]
[Site "Beirut LIB"]
[Date "2004.12.16"]
[Round "4"]
[White "Jasim,A"]
[Black "Najjar,A"]
[Result "0-1"]
[WhiteElo "2312"]
[BlackElo "2337"]

1.Nf3 d5 2.g3 Nf6 3.Bg2 Nbd7 4.O-O e5 5.c4 e4 6.Ne1 dxc4 7.Qa4 Bd6 8.Qxc4 Nb6
9.Qc2 Bf5 10.Nc3 Qe7 11.d3 exd3 12.Nxd3 Ne4 13.Nb5 O-O 14.Nxd6 Nxd6 15.Bf4 Rad8
16.Qc5 Bxd3 17.exd3 c6 18.Rfe1 Qd7 19.a4 Ndc8 20.a5 Nd5 21.Bg5 f6 22.Bd2 Rf7
23.Ra4 b6 24.axb6 axb6 25.Qa3 c5 26.Rae4 Nd6 27.Ra4 Nb5 28.Qa2 Ndc7 29.Be3 Kf8
30.Rd1 Re7 31.Rh4 g5 32.Ra4 Nd5 33.Ra8 Nxe3 34.fxe3 Nc7 35.Rxd8+ Qxd8 36.Qc4 Rxe3
37.Rf1 Kg7 38.Be4 Re2 39.b4 Qd4+ 40.Qxd4 cxd4 41.Rc1 Nb5 42.Rc6 Nc3 43.Bf5 Nd5
44.Be4 Nc3 45.Bf5 b5 46.Rc7+ Kf8 47.Ra7 Nd1 48.Bd7 Nc3 49.h4 gxh4 50.gxh4 Rb2
51.Bg4 Rxb4 52.Kf2 Rb2+ 53.Ke1 Rg2 54.Bf5 b4  0-1

[Event "XVII Torre Mem"]
[Site "Yucatan MEX"]
[Date "2004.12.16"]
[Round "6"]
[White "Arencibia,W"]
[Black "Escobedo Tinajero,A"]
[Result "1/2-1/2"]
[WhiteElo "2516"]
[BlackElo "2386"]

1.Nf3 d5 2.g3 Nf6 3.Bg2 c5 4.O-O Nc6 5.d3 e5 6.e4 d4 7.h3 Be7 8.Nh2 g6 9.Nd2 Nh5
10.a4 Be6 11.Nc4 Qc7 12.Bh6 Rg8 13.Nf3 f6 14.c3 Bf7 15.cxd4 cxd4 16.Rc1 Ng7
17.Bd2 Qd7 18.Nh2 Be6 19.h4 h5 20.a5 g5 21.hxg5 fxg5 22.b4 Bxc4 23.Rxc4 a6
24.Qb3 Ne6 25.Nf3 Bf6 26.Rb1 g4 27.Nh2 Bg5 28.Be1 Bd8 29.f3 Rg7 30.fxg4 hxg4
31.Qd1 Nc7 32.Rb2 Be7 33.Rf2 O-O-O 34.Rf5 Rdg8 35.Bf1 Kb8 36.Be2 Nb5 37.Bxg4 Qd8
38.Rh5 Nc3 39.Qf3 Bxb4 40.Be6 Rxg3+ 41.Bxg3 Rxg3+ 42.Qxg3 Ne2+ 43.Kg2 Nxg3
44.Kxg3 Qxa5 45.Nf3 Qa3 46.Rh8+ Ka7 47.Rh7 Na5 48.Bd5 Bd6 49.Rc2 Kb6 50.Rh6 Nc6
51.Ra2 Qb4 52.Nd2 Kc7 53.Bxc6 bxc6 54.Rh7+ Be7 55.Nc4 Qb1 56.Rd2 Kd8 57.Kg2 Qc1
58.Rh1 Qc3 59.Rh8+ Kc7 60.Rh7 Kd8 61.Kh2 Qc1 62.Rf2 Qd1 63.Rg2 Qf1 64.Rg8+ Kd7
65.Rgg7 Qf2+ 66.Kh1 Qf1+  1/2-1/2